| 000 | 01299cad a22002895a 4500 | ||
|---|---|---|---|
| 001 | L160124 | ||
| 005 | 20260324120729.0 | ||
| 008 | 110822s2018 xxk f 000 0 eng d | ||
| 020 | _a9781783213092 | ||
| 035 | _a(Sirsi) u160124 | ||
| 041 | 0 | _aeng | |
| 110 | 2 |
_aRoyal Institution of Chartered Surveyors _94900 |
|
| 245 | 0 | 0 |
_aGuidance on negotiating options and leases for renewable energy schemes _h[electronic resource] |
| 250 | _a2 ed | ||
| 260 |
_aLondon _bRICS _c2018 |
||
| 490 | _aRICS Professional Standard | ||
| 520 | _aProvides guidance to chartered surveyors acting on behalf of landowners in relation to the negotiation of options and leases for schemes, across the full array of renewable energy technologies currently being rolled out across the UK. | ||
| 520 | _aThis document was originally published in June 2018 as an RICS guidance note and reissued in March 2023 as an RICS professional standard | ||
| 590 | _aKA | ||
| 651 | 4 | _aUnited Kingdom | |
| 690 |
_aLand use _96251 |
||
| 690 |
_aRural _96268 |
||
| 690 |
_aEnergy _96237 |
||
| 690 |
_aLandlord and tenant _96252 |
||
| 856 |
_uhttps://www.rics.org/content/dam/ricsglobal/documents/standards/negotiating_options_and_leases_for_renewable_energy_schemes_2nd_rics.pdf _yAvailable via RICS.org |
||
| 942 |
_n0 _2ddc |
||
| 999 |
_c116236 _d116236 |
||